<?xml version="1.0" encoding="UTF-8"?>
<marc:record xmlns:marc="http://www.loc.gov/MARC21/slim">
   <marc:leader>00000nam a2200000 a 4500</marc:leader>
   <marc:datafield ind1="1" ind2=" " tag="100">
      <marc:subfield code="a">Schlapp, Manfred</marc:subfield>
      <marc:subfield code="4">aut</marc:subfield>
      <marc:subfield code="e">Verfasser/-in</marc:subfield>
   </marc:datafield>
   <marc:datafield ind1=" " ind2=" " tag="653">
      <marc:subfield code="a">Geschichte</marc:subfield>
   </marc:datafield>
   <marc:datafield ind1=" " ind2=" " tag="653">
      <marc:subfield code="a">Islam</marc:subfield>
   </marc:datafield>
   <marc:datafield ind1=" " ind2=" " tag="653">
      <marc:subfield code="a">Fundamentalismus</marc:subfield>
   </marc:datafield>
   <marc:datafield ind1=" " ind2=" " tag="653">
      <marc:subfield code="a">Djihad</marc:subfield>
   </marc:datafield>
   <marc:datafield ind1=" " ind2=" " tag="653">
      <marc:subfield code="a">Terrorismus</marc:subfield>
   </marc:datafield>
   <marc:datafield ind1=" " ind2=" " tag="653">
      <marc:subfield code="a">Softcover / Religion/Theologie/Weitere Religionen</marc:subfield>
   </marc:datafield>
   <marc:datafield ind1="0" ind2="0" tag="245">
      <marc:subfield code="a">Islam heisst nicht Salam</marc:subfield>
   </marc:datafield>
   <marc:datafield ind1="0" ind2="0" tag="245">
      <marc:subfield code="b">Streifzüge durch die muslimische Welt : ein Lesebuch</marc:subfield>
   </marc:datafield>
   <marc:datafield ind1="0" ind2="0" tag="245">
      <marc:subfield code="c">Manfred Schlapp</marc:subfield>
   </marc:datafield>
   <marc:datafield ind1=" " ind2="1" tag="264">
      <marc:subfield code="a">Zürich</marc:subfield>
      <marc:subfield code="b">Offizin Zürich Verlag GmbH</marc:subfield>
      <marc:subfield code="c">2015</marc:subfield>
   </marc:datafield>
   <marc:datafield ind1=" " ind2=" " tag="250">
      <marc:subfield code="a">2. Auflage</marc:subfield>
   </marc:datafield>
   <marc:datafield ind1="1" ind2=" " tag="520">
      <marc:subfield code="a">Angaben aus der Verlagsmeldung

Islam heisst nicht Salam : Streifzüge durch die muslimische Welt / von Manfred Schlapp

Was sich in ju¨ngster Zeit in der muslimischen Welt abspielt, hat mittlerweile selbst professionelle Schlafmu¨tzen aus ihrem Dornröschenschlummer geweckt. Der Autor Manfred Schlapp, ein ausgewiesener Kenner des Islam, hat die aktuellen Entwicklungen bereits in seinen Vorlesungen u¨ber die muslimische Welt vorausgesagt, die er in den Jahren 2009–2012 an der von Peter Sloterdijk geleiteten Hochschule zu Karlsruhe hielt. In seinem Buch «ISLAM heisst nicht SALAM» spannt der Autor einen weiten Bogen. Kenntnisreich gibt er einen umfassenden Überblick u¨ber die muslimische Welt von ihren Anfängen bis heute, um dann ausfu¨hrlich auf die aktuellen Ereignisse einzugehen. Bei seinen Ausfu¨hrungen stu¨tzt er sich auf den Koran, den er im Original zu lesen gelernt hat, und untermauert seine Darstellungen mit entsprechenden Koranversen. Das ergibt ein spannendes Mosaik, das zu u¨berraschenden Einsichten fu¨hrt.
</marc:subfield>
   </marc:datafield>
   <marc:datafield ind1=" " ind2=" " tag="020">
      <marc:subfield code="a">9783906276113</marc:subfield>
      <marc:subfield code="9">9783906276113</marc:subfield>
   </marc:datafield>
   <marc:datafield ind1=" " ind2=" " tag="041">
      <marc:subfield code="a">ger</marc:subfield>
   </marc:datafield>
   <marc:datafield ind1=" " ind2=" " tag="300">
      <marc:subfield code="a">378 Seiten</marc:subfield>
   </marc:datafield>
</marc:record>
